Biggest World Cities (A-Z by Last Letter) Beginning with Z - Statistics

General Stats
  • This quiz has been taken 45 times
  • The average score is 4 of 26
Answer Stats
Country Starts Place Ends Population % Correct
Switzerland Z Zurich H 342k
94%
Croatia Z Zagreb B 699k
91%
Tanzania Z Zanzibar R 404k
63%
China Z Zhengzhou U 4.3m
49%
China Z Zibo O 3.1m
29%
Netherlands Z Zaandam M 72k
14%
Poland Z Zabrze E 192k
11%
Mexico Z Zacatecas S 129k
11%
China Z Zhongshan N 3.1m
9%
Nigeria Z Zaria A 975k
6%
USA (CA) Z Zzyzx X <1k
6%
Iran Z Zabol L 122k
3%
Russia Z Zelenograd D 216k
3%
Serbia Z Zabalj J 26k
0%
Poland Z Zamosc C 66k
0%
Ukraine Z Zdolbuniv V 25k
0%
Poland Z Zgierz Z 58k
0%
China Z Zhabei I 840k
0%
China Z Zhu Cheng City Y 1.0m
0%
Algeria Z Zighoud Youcef F 35k
0%
China Z Zigong G 690k
0%
Russia Z Zlatoust T 191k
0%
Turkey Z Zonguldak K 100k
0%
Guyana Z Zorg en Hoop P 3k
0%
Israel Z Zur Yizhaq Q 6k
0%
Poland Z Zyrardow W 39k
0%
No matching quizzes found
Score Distribution
Percent of People with Each Score
Percentile by Number Answered
Your Score History
You have not taken this quiz